1960 Institute on Finite Groups : Held at California Institute of Technology Pasadena, California August 1 - August 28, 1960

Αποθηκεύτηκε σε:
Λεπτομέρειες βιβλιογραφικής εγγραφής
Συλλογικό Έργο: Institute on Finite Groups Pasadena, California, American Mathematical Society, National Science Foundation (U.S.)
Άλλοι συγγραφείς: Hall, Marshall, 1910-1990 (Επιμελητής έκδοσης)
Μορφή: Πρακτικό Συνεδρίου Βιβλίο
Γλώσσα:English
Δημοσίευση: Providence, R.I. : American Mathematical Society, 1962.
Σειρά:Proceedings of symposia in pure mathematics ; 6
Θέματα:
Ετικέτες: Προσθήκη ετικέτας
Δεν υπάρχουν, Καταχωρήστε ετικέτα πρώτοι!

MARC

LEADER 00000cam a2200000 i 4500
001 1/45835
008 941103s1962 riu ||| | eng||
020 |a 0821814060 
035 |a 1993  |l 10042643 
040 |a GR-MyUA  |b gre  |e AACR2 
041 0 |a eng 
111 0 |a Institute on Finite Groups  |d (August 1-28, 1960  |c Pasadena, California. 
245 1 0 |a 1960 Institute on Finite Groups :   |b Held at California Institute of Technology Pasadena, California August 1 - August 28, 1960 /   |c Marshall Hall, Ed.  
260 |a Providence, R.I. :   |b American Mathematical Society,   |c 1962.  
300 |a 114 σ. ;   |c 25 εκ.  
490 1 |a (Proceedings of symposia in pure mathematics   |v ; 6)  
500 |a Περιέχει βιβλιογραφικές παραπομπές και ευρετήριο.  
650 0 0 |a Finite groups  |x Congresses. 
700 1 |a Hall, Marshall,   |d 1910-1990,  |e edt 
710 2 |a American Mathematical Society. 
710 2 |a National Science Foundation (U.S.) 
830 0 |a Proceedings of symposia in pure mathematics ;  |v  6 
852 |a INST  |b SAMOS  |e 19941103  |h 512.2 INS  |p 005300007388  |q 005300007388  |t BK  |y 0 
909 |a Σ  |b 033465